000 01610nim a2200289 a 4500
005 20220519205509.0
007 sd?uj?bnnmpln?
008 010829s2001 ck n id f 10 spa d
020 _a958949479X
040 _aCO-PeBPR
_cCO-PeBPR
_erda
041 0 _aspa
082 0 4 _a843.6
_bD886c
100 1 _aDumas, Alejandro,
_d1802-1870.
_eautor
245 1 3 _aEl conde de Montecristo
_h[registro sonoro] /
_cAlexandre Dumas ; Leído por Guillermo Piedrahita.
260 _aBogotá :
_bDisonex,
_c2001.
300 _a3 compact disc son. (ca. 180 min.) :
_bestereo ;
_c12 cms.
490 _aAudio Libros. Literatura para oir
520 _aEntre las novelas de aventuras de Alejandro Dumas, siempre ha ocupado lugar preferencial la histroia de Edmundo Dantés, quien condena injustamente a morir en la prisión de If, logra escapar, encontrar un tesoro y bajo la personalidad ficticia de Conde de Montecristo, dedica el resto de su vida a vengarse implacablemente de quienes lo llevaron al encarcelamiento, pero también a beneficiar a todos aquellos que lo ayudaron y tuvieron un gesto de bondad en el momento de necesidad.
530 _aDisponible también bajo el mismo título como DVD.
650 _aAudiolibros
_v Compact disc.
650 _aNovela francesa
_v Compact disc.
650 6 _aPresos
_v Novela
_v Compact disc.
650 _aVenganza
_v Novela
_v Compact disc.
700 1 _aPiedrahita, Guillermo.
830 _952467
_aDotación MinCultura y BNC - Sala de Patrimonio Bibliográfico y Documental de Risaralda
942 _2ddc
_cAUDL
_h843.6 D886c
_k843.6
_mD886c
999 _c16545
_d16545